Eficacia, eficiencia y economía en el sector público (Registro nro. 9800)

Detalles MARC
000 -LEADER
fixed length control field 00349 a2200109 4500
001 - CONTROL NUMBER
control field ART_25840
005 - DATE AND TIME OF LATEST TRANSACTION
control field 20260410161602.0
008 - FIXED-LENGTH DATA ELEMENTS--GENERAL INFORMATION
fixed length control field 260409a
100 1# - MAIN ENTRY--PERSONAL NAME
Personal name Rodríguez, Roberto Mario
245 10 - TITLE STATEMENT
Title Eficacia, eficiencia y economía en el sector público
773 0# - HOST ITEM ENTRY
Title Profesional & Empresaria
Related parts - Año VI, Nº 69 (jun. 2005)
Record control number REV70

No hay ítems disponibles.